000 00752nam a2200229 4500
003 OSt
005 20240625062334.0
006 a
008 240625b |||||||| |||| 00| 0 eng d
020 _a9789717251912
040 _aDWCL-Main lib.
_cOC
082 _2Binagong edisyon
_aFil. 890.08 L776 2012
100 _aSiazon, Carmelita
245 _aLiteratura ng iba’t-ibang rehiyon ng Pilipinas /
250 _aBinagong edisyon
260 _aManila :
_bGrandbooks Pub. , Inc. ,
_cc2012.
300 _axv,
_b433 p. : maps ;
_c26 cm.
504 _aIncludes bibliographical references.
650 _a1. Philippine literature-(Filipino).
650 _a2. Philippine literature-Collections.
942 _2ddc
_n0
_cBK - FIL
_eBinagong edisyon
_kFil.
999 _c1318
_d1318